Statistics for [路線図付き] JR東日本 鶴見線 駅名穴埋めクイズ

Click here to take the quiz!

General Stats

  • This quiz has been taken 241 times
  • The average score is 11 of 13

Answers on the Map

Answers color-coded by a green-red scale on the quiz's map according to % correct below.
 

Answer Stats

HintAnswer% Correct
鶴見線JI01鶴見
100%
鶴見線JI52海芝浦
95%
鶴見線JI08浜川崎
93%
鶴見線JI02国道
92%
鶴見線JI51新芝浦
90%
鶴見線JI61大川
88%
鶴見線JI10扇町
83%
鶴見線JI06安善
81%
鶴見線JI05浅野
78%
鶴見線JI07武蔵白石
78%
鶴見線JI03鶴見小野
74%
鶴見線JI04弁天橋
73%
鶴見線JI09昭和
68%

Score Distribution

Percentile by Number Answered

Percent of People with Each Score

Your Score History

You have not taken this quiz